ALL Drag Race Philippines Queens - Statistics

General Stats
  • This quiz has been taken 256 times
    187 since last reset
  • The average score is 28 of 35
Answer Stats
Season Placement Drag Queen % Correct
πŸ‡΅πŸ‡­ Drag Race Philippines πŸ‡΅πŸ‡­-Season 1- πŸ₯ˆ Runner-Up πŸ₯ˆ Marina Summers
98%
πŸ‡΅πŸ‡­ Drag Race Philippines πŸ‡΅πŸ‡­-Season 1- πŸ† WINNER πŸ† Precious Paula Nicole
95%
πŸ‡΅πŸ‡­ Drag Race Philippines πŸ‡΅πŸ‡­-Season 2- πŸ† WINNER πŸ† Captivating Katkat
92%
πŸ‡΅πŸ‡­ Drag Race Philippines πŸ‡΅πŸ‡­-Season 1- 3rd/4th Eva Le Queen
92%
πŸ‡΅πŸ‡­ Drag Race Philippines πŸ‡΅πŸ‡­-Season 3- 3rd/4th Angel
91%
πŸ‡΅πŸ‡­ Drag Race Philippines πŸ‡΅πŸ‡­-Season 1- 6th Brigiding
90%
πŸ‡΅πŸ‡­ Drag Race Philippines πŸ‡΅πŸ‡­-Season 2- 3rd/4th M1ss Jade So
87%
πŸ‡΅πŸ‡­ Drag Race Philippines πŸ‡΅πŸ‡­-Season 1- 5th Minty Fresh
87%
πŸ‡΅πŸ‡­ Drag Race Philippines πŸ‡΅πŸ‡­-Season 2- πŸ₯ˆ Runner-Up πŸ₯ˆ Arizona Brandy
86%
πŸ‡΅πŸ‡­ Drag Race Philippines πŸ‡΅πŸ‡­-Season 2- 3rd/4th Bernie
86%
πŸ‡΅πŸ‡­ Drag Race Philippines πŸ‡΅πŸ‡­-Season 3- πŸ† WINNER πŸ† Maxie
86%
πŸ‡΅πŸ‡­ Drag Race Philippines πŸ‡΅πŸ‡­-Season 1- 7th VinΜƒas Deluxe
85%
πŸ‡΅πŸ‡­ Drag Race Philippines πŸ‡΅πŸ‡­-Season 1- 12th Prince
84%
πŸ‡΅πŸ‡­ Drag Race Philippines πŸ‡΅πŸ‡­-Season 3- πŸ₯ˆ Runner-Up πŸ₯ˆ Khianna
83%
πŸ‡΅πŸ‡­ Drag Race Philippines πŸ‡΅πŸ‡­-Season 2- 5th/6thπŸ’ Miss Congeniality πŸ’ Hana Beshie
80%
πŸ‡΅πŸ‡­ Drag Race Philippines πŸ‡΅πŸ‡­-Season 3- 11thπŸ’ Miss Congeniality πŸ’ Versex
80%
πŸ‡΅πŸ‡­ Drag Race Philippines πŸ‡΅πŸ‡­-Season 1- 8thπŸ’ Miss Congeniality πŸ’ Lady Morgana
79%
πŸ‡΅πŸ‡­ Drag Race Philippines πŸ‡΅πŸ‡­-Season 3- 7th Popstar Bench
79%
πŸ‡΅πŸ‡­ Drag Race Philippines πŸ‡΅πŸ‡­-Season 1- 3rd/4th Xilhouete
79%
πŸ‡΅πŸ‡­ Drag Race Philippines πŸ‡΅πŸ‡­-Season 3- 10th[Quit] Yudipota
79%
πŸ‡΅πŸ‡­ Drag Race Philippines πŸ‡΅πŸ‡­-Season 1- 11th Corazon
78%
πŸ‡΅πŸ‡­ Drag Race Philippines πŸ‡΅πŸ‡­-Season 2- 5th/6th ØV C--T
78%
πŸ‡΅πŸ‡­ Drag Race Philippines πŸ‡΅πŸ‡­-Season 3- 3rd/4th Tita Baby
78%
πŸ‡΅πŸ‡­ Drag Race Philippines πŸ‡΅πŸ‡­-Season 2- 11th/12th Astrid Mercury
77%
πŸ‡΅πŸ‡­ Drag Race Philippines πŸ‡΅πŸ‡­-Season 1- 9th Turing
77%
πŸ‡΅πŸ‡­ Drag Race Philippines πŸ‡΅πŸ‡­-Season 3- 5th Zymba Ding
77%
πŸ‡΅πŸ‡­ Drag Race Philippines πŸ‡΅πŸ‡­-Season 3- 9th J Quinn
76%
πŸ‡΅πŸ‡­ Drag Race Philippines πŸ‡΅πŸ‡­-Season 3- 8th John Fedellaga
75%
πŸ‡΅πŸ‡­ Drag Race Philippines πŸ‡΅πŸ‡­-Season 3- 6th Myx Chanel
74%
πŸ‡΅πŸ‡­ Drag Race Philippines πŸ‡΅πŸ‡­-Season 2- 10th Tiny Deluxe
71%
πŸ‡΅πŸ‡­ Drag Race Philippines πŸ‡΅πŸ‡­-Season 1- 10th Gigi Era
68%
πŸ‡΅πŸ‡­ Drag Race Philippines πŸ‡΅πŸ‡­-Season 2- 8th Matilduh
68%
πŸ‡΅πŸ‡­ Drag Race Philippines πŸ‡΅πŸ‡­-Season 2- 9th Veruschka Levels
68%
πŸ‡΅πŸ‡­ Drag Race Philippines πŸ‡΅πŸ‡­-Season 2- 7th Dee Dee MariΓ© Holliday
64%
πŸ‡΅πŸ‡­ Drag Race Philippines πŸ‡΅πŸ‡­-Season 2- 11th/12th Nicole Pardaux
64%
No matching quizzes found
Score Distribution
Percent of People with Each Score
Percentile by Number Answered
Your Score History
You have not taken this quiz since the last reset